Harry Potter de A à Z #3 - Statistiques

Statistiques générales
  • Ce quiz a été pris 37 fois
  • Le résultat moyen est 19 sur 26
Statistiques - réponses
Hint Réponse % Correct
B Patronus de Rogue Biche
97%
T Chatte de Rusard Miss Teigne
93%
R Prénom de Hagrid Rubeus
93%
H Objet créé lorsqu'on cherche à séparer son âme Horcruxe
90%
I Pays victorieux de la coupe du monde de Quidditch face à la Bulgarie Irlande
90%
K Elfe de la famille Black Kreattur
90%
M A prononcé ces paroles : "Pas ma fille, sale pétasse" (dans le film) Molly
90%
O Sortilège d'amnésie Oubliette
90%
P Objet quelconque, ensorcelé pour transporter ceux qui le touchent Portoloin
87%
Q Surnom de Peter Pettigrow Queudver
87%
A Prénom du frère d'Albus Abelforth
83%
E Nom de l'allée mal famée, proche du Chemin de Traverse Embrumes
83%
G Village où habitaient les parents de Harry Godric's Hollow
83%
S Créature visible seulement par ceux qui ont déjà vu la mort Sombral
80%
C Confiserie populaire dont certains collectionnent les cartes Chocogrenouille
77%
D Objet légué à Ron par Dumbledore Déluminateur
77%
F Cracmol voisine des Dursley, qui surveille Harry Arabella Figg
63%
U Nom de famille anglais de Dolores Umbridge
60%
Y Nom de famille de Narcissa, écrit à l'envers Yofelam
57%
Z Nom de famille de Blaise Zabini
57%
N Sortilège d'extinction de baguette (opposé de lumos) Nox
53%
W Elfe de Barty Croupton Winky
53%
J Boisson sucrée très populaire dans le monde des sorciers Jus de citrouille
47%
V Ancien chef du Département des jeux et sports magiques, qui a beaucoup perdu en pariant Verpey
47%
L Capacité de pénétrer l'esprit d'une personne Légilimancie
40%
X Boisson alcoolisée, consommée par le professeur Trelawney Xeres
30%
Aucun quiz correspondant
Distribution des résultats
% des personnes avec chaque résultat
Percentile par nombre de réponses
Votre historique - résultats
Vous n’avez pas pris ce quiz